Online katalóg knižníc regiónu Turca

Rozprávky o zvieratkách (Record no. 21683)

MARC details
000 -LEADER
fixed length control field 02004cam a2200553 a 4500
001 - CONTROL NUMBER
control field 21683
003 - CONTROL NUMBER IDENTIFIER
control field VRT
005 - DATE AND TIME OF LATEST TRANSACTION
control field 20260309091339.0
008 - FIXED-LENGTH DATA ELEMENTS--GENERAL INFORMATION
fixed length control field 240313s2013 xo a b 000 j slo
015 ## - NATIONAL BIBLIOGRAPHY NUMBER
National bibliography number SNBA2013/07
020 ## - INTERNATIONAL STANDARD BOOK NUMBER
International Standard Book Number 9788089590384
Qualifying information (brož.)
035 ## - SYSTEM CONTROL NUMBER
System control number 44A03673-B110-42E5-8FF4-4206A1399C10
035 ## - SYSTEM CONTROL NUMBER
System control number urn:nbn:sk:snk-aml0ck
035 ## - SYSTEM CONTROL NUMBER
System control number urn:nbn:sk:snk-am008nh2
039 #9 - LEVEL OF BIBLIOGRAPHIC CONTROL AND CODING DETAIL [OBSOLETE]
Level of rules in bibliographic description 202403131623
Level of effort used to assign nonsubject heading access points VLOAD
Level of effort used to assign subject headings 201706270932
Level of effort used to assign classification AUTHORITY
Level of effort used to assign subject headings 201606101520
Level of effort used to assign classification VLOAD
Level of effort used to assign subject headings 201604300918
Level of effort used to assign classification VLOAD
040 ## - CATALOGING SOURCE
Original cataloging agency SVKBB
Language of cataloging slo
Transcribing agency SVKBB
Modifying agency SNK
Description conventions AACR2
041 1# - LANGUAGE CODE
Language code of text/sound track or separate title slo
Language code of original [fre]
044 ## - COUNTRY OF PUBLISHING/PRODUCING ENTITY CODE
MARC country code xo
ISO country code SK
072 #7 - SUBJECT CATEGORY CODE
Subject category code 821-93
Subject category code subdivision Literatúra pre deti a mládež (beletria)
Source konspekt
080 ## - UNIVERSAL DECIMAL CLASSIFICATION NUMBER
Universal Decimal Classification number 592/59
Edition identifier 2001
080 ## - UNIVERSAL DECIMAL CLASSIFICATION NUMBER
Universal Decimal Classification number 821-93
Edition identifier 2001
080 ## - UNIVERSAL DECIMAL CLASSIFICATION NUMBER
Universal Decimal Classification number (0:82-342)
Edition identifier 2001
080 ## - UNIVERSAL DECIMAL CLASSIFICATION NUMBER
Universal Decimal Classification number (0:82-34)
Edition identifier 2001
100 1# - MAIN ENTRY--PERSONAL NAME
Personal name Pádár, Éva
Relationship aut
245 00 - TITLE STATEMENT
Title Rozprávky o zvieratkách
Remainder of title myši a mačka a ďalšie rozprávky
Statement of responsibility, etc. [rozprávky La Fontaina a Ezopa prepracovala Eva Pádár ; preklad Monika Srnková]
246 30 - VARYING FORM OF TITLE
Title proper/short title Myši a mačka a ďalšie rozprávky
260 ## - PUBLICATION, DISTRIBUTION, ETC.
Place of publication, distribution, etc. Nové Zámky
Name of publisher, distributor, etc. Ex book
Date of publication, distribution, etc. [2013]
300 ## - PHYSICAL DESCRIPTION
Extent 31 s.
Other physical details fareb. ilustr.
Dimensions 22 cm
500 ## - GENERAL NOTE
General note Preložené pravdepodobne z francúzštiny
650 07 - SUBJECT ADDED ENTRY--TOPICAL TERM
Topical term or geographic name entry element zvieratá
Source of heading or term SNKPH
650 07 - SUBJECT ADDED ENTRY--TOPICAL TERM
Topical term or geographic name entry element Animals
Source of heading or term SNKPHeng
655 #7 - INDEX TERM--GENRE/FORM
Genre/form data or focus term publikácie pre deti
Source of term SNKPH
655 #7 - INDEX TERM--GENRE/FORM
Genre/form data or focus term bájky
Source of term SNKPH
655 #7 - INDEX TERM--GENRE/FORM
Genre/form data or focus term rozprávky
Source of term SNKPH
655 #7 - INDEX TERM--GENRE/FORM
Genre/form data or focus term Children's literature
Source of term SNKPHeng
655 #7 - INDEX TERM--GENRE/FORM
Genre/form data or focus term Fables
Source of term SNKPHeng
655 #7 - INDEX TERM--GENRE/FORM
Genre/form data or focus term Fairy tales
Source of term SNKPHeng
700 0# - ADDED ENTRY--PERSONAL NAME
Personal name Ezop,
Dates associated with a name 6. stor. pred Kr.
Relationship aut
700 1# - ADDED ENTRY--PERSONAL NAME
Personal name La Fontaine, Jean de,
Dates associated with a name 1621-1695
Relationship aut
700 1# - ADDED ENTRY--PERSONAL NAME
Personal name Srnková, Monika
Relationship trl
910 ## - USER-OPTION DATA (OCLC)
User-option data svkbb
910 ## - USER-OPTION DATA (OCLC)
User-option data snk
942 ## - ADDED ENTRY ELEMENTS (KOHA)
Source of classification or shelving scheme Dewey Decimal Classification
Koha item type Krásna literatúra pre deti
Suppress in OPAC No
949 ## - LOCAL PROCESSING INFORMATION (OCLC)
6 270001000415549
a svkbbA 138546
b svkbbm 736755
949 ## - LOCAL PROCESSING INFORMATION (OCLC)
6 273K0564771
a svkpoB 91312
b svkpo568790
949 ## - LOCAL PROCESSING INFORMATION (OCLC)
6 17A1072675
a snkSC 155038
b snk2013/14667
o 1438/13
s 6100:20160127
949 ## - LOCAL PROCESSING INFORMATION (OCLC)
6 17A1072676
a snkSC 155038 D1
b snk2013/14668
o 1438/13
Holdings
Stav vyradenia Strata Poškodenie Spôsob nadobudnutia Domovská knižnica Aktuálna knižnica Dátum nadobudnutia Total checkouts Čiarový kód exemplára Date last seen Typ exemplára
      Dar Obecná knižnica Turčianska Štiavnička Obecná knižnica Turčianska Štiavnička 09.03.2026   4738000268 09.03.2026 Krásna literatúra pre deti
Projekt je podporený Slovenskou asociáciou knižníc
Prevádzkuje Turčianska knižnica Martin 2026